00463 a2200169 450000100060000002000180000604000220002410000210004624000340006724500290010130000080013036200090013865000130014794200070016095201090016799900170027667892 a9788550404011 cAnchieta - Pituba aChucruts, Marlon10a99 brincadeiras cantadaslpor10a99 brincadeiras cantadas a1440 a2018 4aFolclore cBK 00104070a91.1b91.1d2023-11-21l0o398 C559n CHU 99Bp22942/PITr2023-11-21 18:35:52w2023-11-21yBK c67892d67892